Landlord and tenant rent review (Record no. 69585)

MARC details
000 -LEADER
fixed length control field 00942cam a2200205 4500
001 - CONTROL NUMBER
control field WB3808-20
008 - FIXED-LENGTH DATA ELEMENTS--GENERAL INFORMATION
fixed length control field 020226n2002 000 0 eng u
035 ## - SYSTEM CONTROL NUMBER
System control number (Sirsi) u116836
245 ## - TITLE STATEMENT
Title Landlord and tenant rent review
260 ## - PUBLICATION, DISTRIBUTION, ETC.
Date of publication, distribution, etc. 2002
490 ## - SERIES STATEMENT
Series statement Estates Gazette
Volume/sequential designation [2002] 08 EG 161 (CS) (23/2/02)
520 ## - SUMMARY, ETC.
Summary, etc. "Iceland Foods plc v Dangoor and others" ChD 8 February 2002, where on a true construction of a rent review clause, it was held that time was not of the essence in relation to the service of a trigger notice by the lessors, Dangoor. They would only have lost their right to a review if they had 'neglected' to pursue the rent review procedure with reasonable despatch once that notice had been served. I's claim rejected.
590 ## - LOCAL NOTE (RLIN)
Local note WB
650 ## - SUBJECT ADDED ENTRY--TOPICAL TERM
Topical term or geographic name entry element ICELAND FOODS PLC V DANGOOR
650 ## - SUBJECT ADDED ENTRY--TOPICAL TERM
Topical term or geographic name entry element RENT REVIEWS
650 ## - SUBJECT ADDED ENTRY--TOPICAL TERM
Topical term or geographic name entry element NEGLECT
650 ## - SUBJECT ADDED ENTRY--TOPICAL TERM
Topical term or geographic name entry element TIME LIMITS
690 ## - LOCAL SUBJECT ADDED ENTRY--TOPICAL TERM (OCLC, RLIN)
Topical term or geographic name as entry element PROPERTY-LANDLORD AND TENANT
942 ## - ADDED ENTRY ELEMENTS (KOHA)
Suppress in OPAC 0
Holdings
Withdrawn status Lost status Source of classification or shelving scheme Damaged status Not for loan Home library Current library Shelving location Date acquired Total Checkouts Full call number Barcode Date last seen Copy number Price effective from Koha item type
    Dewey Decimal Classification     London London News article 26/02/2002   WB3808-20 116836-1001 06/08/2019 1 06/08/2019 News article